书目信息 |
| 书名: | Growth and development | |
| 作者: | edited by O. G. Eiben | |
| 分册号: | ||
| 分册名: | 出版地: | Budapest : |
|
| 出版社: | Akadémiai Kiadó | |
| 出版时间: | 1977. | |
| 页数: | 497 p. : | |
| 开本: | 25 cm. | |
| 丛书名: | ||
| 中图分类号: | ||
| 科图分类号: | ||
| 其他分类号: | Q418-2 | |
| 主题词: | ||
| 电子资源: | ||
| 000 | 01266nam 2200373 a 4500 | |
| 001 | E0755445544 | |
| 003 | DLC | |
| 005 | 20070727152709.46 | |
| 008 | 10110 eng | |
| 008 | uu | |
| 010 | @a78321772 //r962 | |
| 015 | @aH*** | |
| 020 | @a9630513552. | |
| 040 | @aDLC @cDLC @dDLC | |
| 049 | @aN5LA | |
| 050 | 00 | @aQP84 @b.I57 1976 |
| 082 | 00 | @a612.6 |
| 090 | @a2/Q418-2/SHB/ 1976////////878647 | |
| 090 | @aQ418-2 | |
| 096 | @aQ418-2 @v2 | |
| 099 | @dQ418-2@ex17 | |
| 111 | 20 | @aInternational Symposium on Human Biology, @d(1976 : @cBalatonfüred, Hungary) |
| 245 | 10 | @aGrowth and development :@bphysique / @cedited by O. G. Eiben |
| 260 | 0 | @aBudapest :@bAkadémiai Kiadó,@c1977. |
| 300 | @a497 p. :@bill. ;@c25 cm. | |
| 490 | 1 | @aSymposia biologica Hungarica ; @vno. 20 |
| 504 | @aIncludes bibliographical references and index. | |
| 650 | 0 | @aHuman beings @xEffect of environment on @xCongresses. |
| 650 | 0 | @aBody, Human @xCongresses. |
| 650 | 0 | @aHuman growth @xCongresses. |
| 650 | 0 | @aAnthropometry @xCongresses. |
| 700 | 10 | @aEiben, O. G. |
| 830 | 0 | @aSymposia biologica Hungarica ; @vvol. 20. @b00 @c20020930 @lNLC09 @h2247 @lNLC09 @h2317 @lNLC09 @h1908 |
| 852 | 9 | @bWWJC @cJ08S @k2 @hQ418-2 @iSHB/1976 |
| Growth and development : : physique / / edited by O. G. Eiben.-Budapest : : Akadémiai Kiadó, , 1977. |
| 497 p. : : ill. ; ; 25 cm.- (Symposia biologica Hungarica ; no. 20 ) |
| Includes bibliographical references and index. |
| ISBN 9630513552. |
| ● |
| 相关链接 |
|
|
|
|
正题名:Growth and development
索取号:Q418-2/x17
 
预约/预借
| 序号 | 登录号 | 条形码 | 馆藏地/架位号 | 状态 | 备注 |
| 1 | 0013672 | 300136724 | 第二样本阅览室/ [索取号:Q418-2/x17] | 在馆 |